Denken, das Weite atmet : (Record no. 1633)

MARC details
000 -LEADER
fixed length control field 03025cam a22004577i 4500
001 - CONTROL NUMBER
control field data
005 - DATE AND TIME OF LATEST TRANSACTION
control field 20260322212110.0
008 - FIXED-LENGTH DATA ELEMENTS--GENERAL INFORMATION
fixed length control field data
035 ## - SYSTEM CONTROL NUMBER
System control number 20503325
010 ## - LIBRARY OF CONGRESS CONTROL NUMBER
LC control number 2018393088
016 7# - NATIONAL BIBLIOGRAPHIC AGENCY CONTROL NUMBER
Record control number 113118209X
Source GyFmDB
020 ## - INTERNATIONAL STANDARD BOOK NUMBER
International Standard Book Number 9783786731238
Qualifying information (hd.bd.)
020 ## - INTERNATIONAL STANDARD BOOK NUMBER
International Standard Book Number 3786731233
Qualifying information (hd.bd.)
024 3# - OTHER STANDARD IDENTIFIER
Standard number or code 9783786731238
035 ## - SYSTEM CONTROL NUMBER
System control number (OCoLC)1033399565
040 ## - CATALOGING SOURCE
Original cataloging agency OHX
Language of cataloging eng
Transcribing agency OHX
Description conventions rda
Modifying agency DLC
-- OCLCF
-- DLC
042 ## - AUTHENTICATION CODE
Authentication code lccopycat
050 00 - LIBRARY OF CONGRESS CALL NUMBER
Classification number BR50
Item number .D4347 2017
072 #7 - SUBJECT CATEGORY CODE
Subject category code BR
Source lcco
245 00 - TITLE STATEMENT
Title Denken, das Weite atmet :
Remainder of title Text und Kontext in der Theologie /
Statement of responsibility, etc. Günter Risse, Klaus Vellguth (Hg.).
264 #1 - PRODUCTION, PUBLICATION, DISTRIBUTION, MANUFACTURE, AND COPYRIGHT NOTICE
Place of production, publication, distribution, manufacture Ostfildern :
Name of producer, publisher, distributor, manufacturer Matthias Grünewald Verlag,
Date of production, publication, distribution, manufacture, or copyright notice [2017].
300 ## - PHYSICAL DESCRIPTION
Extent 218 pages ;
Dimensions 23 cm
336 ## - CONTENT TYPE
Content type term text
Content type code txt
Source rdacontent
337 ## - MEDIA TYPE
Media type term unmediated
Media type code n
Source rdamedia
338 ## - CARRIER TYPE
Carrier type term volume
Carrier type code nc
Source rdacarrier
500 ## - GENERAL NOTE
General note "Anlässlich des 85. Geburtstags von Prof. Dr. Dr. h.c. Hans Waldenfels SJ fand vom 7. bis 9. Oktober 2016 ... das Symposium ... statt." -- Vorwort, page 7.
504 ## - BIBLIOGRAPHY, ETC. NOTE
Bibliography, etc. note Includes bibliographical references.
505 00 - FORMATTED CONTENTS NOTE
Title Christus als Kachere-Baum und als Granatapfel : Kontextualisierte Ausdrucksformen des Glaubens in der christlichen Kunst /
Statement of responsibility Klaus Vellguth.
Title Unsere (europäische) Gesellschaft als spezifischer kontextuell-theologischer Beitrag /
Statement of responsibility Ursula Nothelle-Wildfeuer --
Title Christliche Theologie in afrikanischen Lebenswelten : Skizzen einer Ortsbestimmung /
Statement of responsibility Claude Ozankom --
Title Überlegungen zur Kontextualität christlicher Glaubenspredigt im kolonialzeitlichen Lateinamerika /
Statement of responsibility Mariano Delgado --
Title Theologie des Judentums : eine kontextuelle Theologie in Zeiten der Globalisierung? /
Statement of responsibility Paul Petzel --
Title Mission vor einer zweifachen Übersetzungsaufgabe /
Statement of responsibility Michael Sievernich SJ --
Title Eine Sprache für das Wort Gottes : Überlegungen zum Wort Gottes im Kontext des christlich-islamischen Gesprächs /
Statement of responsibility Tobias Specker --
Title Musik als locus theologicus und Vermittlungshilfe in der Völkerverständigung anhand von biblischen und musikgeschichtlichen Beispielen /
Statement of responsibility Alban Rüttenauer --
Title Dialektik der ldentität : zur sozialphilosophischen und theologischen Kritik des Essentialismus /
Statement of responsibility René Buchholz --
Title Kontextualität : Fundamentaltheologische Konkretisierungen /
Statement of responsibility Vincenzo Di Pilato --
Title Diaspora : ein Paradigma kontextueller Theologie /
Statement of responsibility Günter Risse --
Title Christus als Kachere-Baum und als Granatapfel : Kontextualisierte Ausdrucksformen des Glaubens in der christlichen Kunst /
Statement of responsibility Klaus Vellguth.
650 #0 - SUBJECT ADDED ENTRY--TOPICAL TERM
Topical term or geographic name entry element Theology.
650 #7 - SUBJECT ADDED ENTRY--TOPICAL TERM
Topical term or geographic name entry element Theology.
Source of heading or term fast
Authority record control number or standard number (OCoLC)fst01149559
700 1# - ADDED ENTRY--PERSONAL NAME
Personal name Waldenfels, Hans,
Relator term honoree.
700 1# - ADDED ENTRY--PERSONAL NAME
Personal name Risse, Günter,
Relator term editor.
700 1# - ADDED ENTRY--PERSONAL NAME
Personal name Vellguth, Klaus,
Relator term editor.
906 ## - LOCAL DATA ELEMENT F, LDF (RLIN)
a 7
b cbc
c copycat
d 3
e ncip
f 20
g y-gencatlg
925 0# -
-- acquire
-- 1 shelf copy
-- policy default
923 ## -
-- 20180511
-- 0170505
-- GyWOH
985 ## -
-- VENDOR LOAD
985 ## -
-- BibframePilot2
-- 20191210
Holdings
Withdrawn status Lost status Damaged status Not for loan Home library Current library Shelving location Date acquired Total checkouts Full call number Barcode Date last seen Price effective from Koha item type
        Institut Protestant de Théologie Institut Protestant de Théologie General stacks 22/03/2026   BR50 LOC-IPT-00024 22/03/2026 22/03/2026 Books